| 000 | 00361nam a2200133 i 4500 | ||
|---|---|---|---|
| 001 | 41118 | ||
| 003 | ES-MaACL | ||
| 005 | 20230906160357.0 | ||
| 007 | t| | ||
| 008 | 030310s1918 it ||||1| spa d | ||
| 245 | 0 | 3 |
_aLa captividad (sic) de los italianos en Austria _b: impresiones y recuerdos. |
| 260 |
_aTorino : _b[s.n., _c1918] |
||
| 852 |
_aES-MaACL _j1523-F-3 |
||
| 999 |
_c41118 _d41118 |
||